Statistics for Biggest US Cities By Population(Including Territories)

Click here to take the quiz!

General Stats

  • This quiz has been taken 27 times
  • The average score is 73 of 100

Answer Stats

State/TerritoryPopulationAnswer% Correct
Massachusetts710,195Boston
96%
Illinois2,694,240Chicago
96%
Texas1,382,270Dallas
96%
Colorado734,134Denver
96%
Texas2,340,890Houston
96%
Indiana875,929Indianapolis
96%
Florida926,371Jacksonville
96%
Florida486,388Miami
96%
New York8,323,340New York City
96%
Pennsylvania1,591,800Philadelphia
96%
Arizona1,703,080Phoenix
96%
California1,447,100San Diego
96%
California896,047San Francisco
96%
Washington783,137Seattle
96%
Florida413,704Tampa
96%
District of Columbia720,687Washington D.C.
96%
Georgia523,738Atlanta
91%
Texas988,218Austin
91%
Maryland590,479Baltimore
91%
North Carolina905,318Charlotte
91%
Ohio379,233Cleveland
91%
Michigan667,272Detroit
91%
Texas932,116Fort Worth
91%
California4,015,940Los Angeles
91%
Tennessee647,374Memphis
91%
Minnesota437,069Minneapolis
91%
Tennessee673,167Nashville
91%
Oklahoma655,407Oklahoma City
91%
Oregon664,103Portland
91%
Texas1,578,030San Antonio
91%
Puerto Rico331,165San Juan
91%
New Mexico561,188Albuquerque
87%
Ohio306,487Cincinnati
87%
Hawaii342,933Honolulu
87%
Missouri505,198Kansas City
87%
Nevada662,000Las Vegas
87%
Kentucky624,890Louisville
87%
Wisconsin585,589Milwaukee
87%
Louisiana390,128New Orleans
87%
California1,033,670San Jose
87%
Alaska285,634Anchorage
83%
Ohio922,223Columbus
83%
Nebraska470,702Omaha
83%
Florida291,739Orlando
83%
Pennsylvania294,860Pittsburgh
83%
Virginia232,055Richmond
83%
Oklahoma396,543Tulsa
83%
Idaho234,576Boise
78%
New York255,244Buffalo
78%
Texas685,575El Paso
78%
North Carolina481,958Raleigh
78%
California521,769Sacramento
78%
Missouri293,792St. Louis
78%
Arizona553,871Tucson
78%
Virginia447,841Virginia Beach
78%
Colorado485,946Colorado Springs
74%
California538,195Fresno
74%
California463,218Long Beach
74%
Arizona527,666Mesa
74%
California435,224Oakland
74%
Minnesota311,895St. Paul
74%
Kansas388,771Wichita
74%
Nebraska293,905Lincoln
70%
California336,285Riverside
70%
California390,233Bakersfield
65%
New Jersey271,099Jersey City
65%
Wisconsin264,030Madison
65%
New Jersey282,862Newark
65%
Nevada260,258Reno
65%
Florida271,842St. Petersburg
65%
Colorado382,742Aurora
61%
Kentucky328,690Lexington
61%
Virginia242,234Norfolk
61%
Texas288,539Plano
61%
Texas402,762Arlington
57%
California277,289Chula Vista
57%
Texas325,406Corpus Christi
57%
North Carolina299,946Greensboro
57%
California352,911Anaheim
52%
North Carolina282,737Durham
52%
Indiana270,989Fort Wayne
52%
Nevada330,084Henderson
52%
Nevada253,923North Las Vegas
52%
Ohio270,651Toledo
52%
North Carolina251,762Winston-Salem
52%
Virginia248,106Chesapeake
43%
Arizona254,500Glendale
43%
California330,389Santa Ana
43%
California303,956Irvine
39%
Arizona268,675Chandler
35%
Arizona258,935Gilbert
35%
Florida243,208Hialeah
35%
Texas243,738Irving
35%
Texas264,703Laredo
35%
Texas260,823Lubbock
35%
California239,525Fremont
30%
California316,996Stockton
30%
Texas246,627Garland
26%
Arizona262,222Scottsdale
26%
Nevada233,689Paradise
22%

Score Distribution

Percentile by Number Answered

Percent of People with Each Score

Your Score History

You have not taken this quiz